Los 10 Nombres de calle más comunes en España - Estadísticas

Estadísticas generales
  • Esta prueba ha sido intentada 356 veces
  • La puntuación promedio es 3 de 10
Estadísticas de respuestas
Posición
Nombre Número % Correcto
9 España 1 469
68%
2 Mayor 3 762
66%
7 Nueva 1 975
55%
1 Iglesia 4 767
30%
5 Real 2 208
29%
4 Constitución 2 439
27%
8 Sol 1 582
23%
3 Fuente 2 544
15%
10 San Juan 1 359
13%
6 Eras 2 063
4%
No se encontraron pruebas coincidentes
Distribución de puntuación
Porcentaje de gente con cada puntuación
Porcentaje por número respondido
Historial de tus puntuaciones
No has intentado esta prueba.